Bharatiya samaj (Record no. 174)
[ view plain ]
| 000 -LEADER | |
|---|---|
| fixed length control field | 00533cam a2200205ua 4500 |
| 001 - CONTROL NUMBER | |
| control field | 203 |
| 005 - DATE AND TIME OF LATEST TRANSACTION | |
| control field | 20260515113132.0 |
| 008 - FIXED-LENGTH DATA ELEMENTS--GENERAL INFORMATION | |
| fixed length control field | 110324n ii |||gr||||Z||||||asm |
| 020 ## - INTERNATIONAL STANDARD BOOK NUMBER | |
| International Standard Book Number | 81-237-0718-5 |
| 040 ## - CATALOGING SOURCE | |
| Transcribing agency | MAIN |
| 082 ## - DEWEY DECIMAL CLASSIFICATION NUMBER | |
| Classification number | 301.0954 |
| 245 1# - TITLE STATEMENT | |
| Title | Bharatiya samaj |
| Statement of responsibility, etc. | by Shyamcharan Dube |
| 250 ## - EDITION STATEMENT | |
| Edition statement | 1st / |
| Remainder of edition statement | Trnsl. by Debabrata Sharma. |
| 260 ## - PUBLICATION, DISTRIBUTION, ETC. | |
| Place of publication, distribution, etc. | New Delhi: |
| Name of publisher, distributor, etc. | National book trust,994. |
| 300 ## - PHYSICAL DESCRIPTION | |
| Extent | vi, 130p.:0cm. |
| 653 ## - INDEX TERM--UNCONTROLLED | |
| Uncontrolled term | Sociology |
| 653 ## - INDEX TERM--UNCONTROLLED | |
| Uncontrolled term | Indian society |
| 700 ## - ADDED ENTRY--PERSONAL NAME | |
| Personal name | Dube, Shyamcharan., |
| Relator term | Author. |
| 942 ## - ADDED ENTRY ELEMENTS (KOHA) | |
| Koha item type | Books |
| Withdrawn status | Lost status | Damaged status | Not for loan | Home library | Current library | Shelving location | Date acquired | Total checkouts | Full call number | Barcode | Date last seen | Copy number | Price effective from | Koha item type |
|---|---|---|---|---|---|---|---|---|---|---|---|---|---|---|
| Naharkatiya College Library | Naharkatiya College Library | General stacks | 09/19/2020 | 301.0954 | DUB | 16057 | 09/19/2020 | 1 | 09/19/2020 | Books |